000 00576nam a22001697a 4500
005 20251108164038.0
008 250721s1987 xx 000 0 ara d
082 1 4 _a347.3/فتي
100 1 _aقره، فتحيه
245 1 0 _aبيع الجدك للمحلات التجارية و الصناعيه و المنشآت الأخرى :
_bدراسة فقهيه قضائيه /
264 1 _aالإسكندريه :
_bمنشأة المعارف،
_c1987.
300 _a328ص
650 1 7 _aالقانون المدني
650 1 7 _aالملكية
942 _2ddc
_cBK
999 _c2221
_d2221